000 00183nam a2200097 4500
082 _aMOT
100 _aMotilal
245 _aShah Abdul Karim
260 _aKarachi:
_c1986.
942 _cBK
999 _c10160
_d10160